Thomas Jefferson

Gardado en:
Detalles Bibliográficos
Autor Principal: Brown, Stuart Gerry
Formato: Libro
Idioma:Undetermined
Publicado: Buenos Aires, Argentina Plaza & Janes 1965
Materias:
Etiquetas: Engadir etiqueta
Sen Etiquetas, Sexa o primeiro en etiquetar este rexistro!

MARC

LEADER 00000nam a2200000Ia 4500
008 170316s9999 xx 000 0 und d
040 |a cru BVZT 
090 |a B-810 B-2t 
100 |a Brown, Stuart Gerry 
245 |a Thomas Jefferson 
260 |a Buenos Aires, Argentina 
260 |b Plaza & Janes 
260 |c 1965 
300 |a 333 páginas 
650 |a LITERATURA ESTADOUNIDENSE 
650 |a BIOGRAFÍA 
999 |c 12669  |d 12669 
942 |c 15 D  |h B-810 B-2t  |2 z